Необходимые условия внедрения АБИС: факторы успеха; Практические аспекты модернизации вузовских библиотек. Опыт программы " Совершенствование управления библиотечными ресурсами в вузах" Национального фонда подготовки кадров; Внедрение и использование информационных технологий для управления библиотечными ресурсами
| Parent link: | Практические аспекты модернизации вузовских библиотек. Опыт программы " Совершенствование управления библиотечными ресурсами в вузах" Национального фонда подготовки кадров: конференция, г. Санкт-Петербург, 1-3 декабря 2004 г./ Санкт-Петербургский государственный политехнический университет; Санкт-Петербургский государственный электротехнический университет.— , 2004 Внедрение и использование информационных технологий для управления библиотечными ресурсами.— 2004 |
|---|---|
| Autore principale: | |
| Riassunto: | Заглавие с титульного экрана Электронная версия печатной публикации |
| Lingua: | russo |
| Pubblicazione: |
СПб., [Б. и.], 2004
|
| Soggetti: | |
| Accesso online: | http://www.lib.tpu.ru/fulltext/m/2007/m35.pdf |
| Natura: | Elettronico Capitolo di libro |
| KOHA link: | https://koha.lib.tpu.ru/cgi-bin/koha/opac-detail.pl?biblionumber=127814 |
MARC
| LEADER | 00000naa2a2200000 4500 | ||
|---|---|---|---|
| 001 | 127814 | ||
| 005 | 20251203143207.0 | ||
| 035 | |a (RuTPU)RU\TPU\book\138262 | ||
| 090 | |a 127814 | ||
| 100 | |a 20071220d2004 k y0rusy50 ca | ||
| 101 | 0 | |a rus | |
| 102 | |a RU | ||
| 135 | |a vrcn ---uucaa | ||
| 181 | 0 | |a i | |
| 182 | 0 | |a b | |
| 200 | 1 | |a Необходимые условия внедрения АБИС: факторы успеха |f Н. Т. Чуприкова | |
| 203 | |a Текст |c электронный | ||
| 210 | |a СПб. |c [Б. и.] |d 2004 | ||
| 300 | |a Заглавие с титульного экрана | ||
| 300 | |a Электронная версия печатной публикации | ||
| 337 | |a Adobe Reader | ||
| 461 | 1 | |0 (RuTPU)RU\TPU\book\88383 |t Практические аспекты модернизации вузовских библиотек. Опыт программы " Совершенствование управления библиотечными ресурсами в вузах" Национального фонда подготовки кадров |o конференция, г. Санкт-Петербург, 1-3 декабря 2004 г. |f Санкт-Петербургский государственный политехнический университет; Санкт-Петербургский государственный электротехнический университет |d 2004 | |
| 463 | 1 | |0 (RuTPU)RU\TPU\book\86996 |t Внедрение и использование информационных технологий для управления библиотечными ресурсами |o круглый стол |d 2004 | |
| 610 | 1 | |a библиотеки | |
| 610 | 1 | |a библиотечное обслуживание | |
| 610 | 1 | |a автоматизация | |
| 610 | 1 | |a АБИС | |
| 610 | 1 | |a процессы | |
| 610 | 1 | |a презентации | |
| 610 | 1 | |a труды учёных ТПУ | |
| 610 | 1 | |a электронный ресурс | |
| 700 | 1 | |a Чуприкова |b Н. Т. |c главный библиотекарь-технолог НТБ Томского политехнического университета |f 1956- |g Наталья Трофимовна |3 (RuTPU)RU\TPU\pers\24236 |9 10722 | |
| 801 | 1 | |a RU |b 63413507 |c 20071220 |g PSBO | |
| 801 | 2 | |a RU |b 63413507 |c 20130620 |g PSBO | |
| 856 | 4 | |u http://www.lib.tpu.ru/fulltext/m/2007/m35.pdf | |
| 942 | |c CF | ||